Η ελληνική κοινωνία κατά την πρώτη μεταπολεμική περίοδο (1945-1967)

Αποθηκεύτηκε σε:
Λεπτομέρειες βιβλιογραφικής εγγραφής
Συγγραφή απο Οργανισμό/Αρχή: Επιστημονικό Συνέδριο Αθήνα
Μορφή: Πρακτικό Συνεδρίου Βιβλίο
Γλώσσα:Greek
Δημοσίευση: Αθήνα : Ιδρυμα Σάκη Καράγιωργα, 1993
Θέματα:
Ετικέτες: Προσθήκη ετικέτας
Δεν υπάρχουν, Καταχωρήστε ετικέτα πρώτοι!

MARC

LEADER 00000nam a2200000 i 4500
001 1/65286
008 980820s1993 gre d
020 |a 9607087011 ((v.1)) 
020 |a 9607087151 ((v.2)) 
035 |l 10029602 
040 |a GR-MY-UA  |b gre  |e aacr 
041 0 |a gre 
082 0 |a 306.209495 
111 2 |a Επιστημονικό Συνέδριο  |n IV  |d 24-27 Νοεμβρίου 1993  |c Αθήνα. 
245 1 2 |a Η ελληνική κοινωνία κατά την πρώτη μεταπολεμική περίοδο (1945-1967) 
260 |a Αθήνα :   |b Ιδρυμα Σάκη Καράγιωργα,   |c 1993 
300 |a 2τ (τ.1:733 σ., τ.2:152 σ.) 
651 0 |a Greece  |x Social conditions  |y 20th century  |x Congresses. 
651 0 |a Greece  |x Economic conditions  |y 1918-1974  |x Congresses. 
651 0 |a Greece  |x Politics and government  |y 1935-1967  |x Congresses. 
852 |a INST  |b CHIOS  |e 19990316  |h 306.209495 ΕΛΛ  |p 005200014582  |q 005200014582  |t BK  |y 0  |z τ.1 
852 |a INST  |b CHIOS  |e 19990316  |h 306.209495 ΕΛΛ  |p 005200014583  |q 005200014583  |t BK  |y 0  |z τ.2 
852 |a INST  |b CHIOS  |e 19980820  |h 306.209495 ΕΛΛ  |p 005200015979  |q 005200015979  |t BK  |y 0  |z τ.2 
852 |a INST  |b CHIOS  |e 19980820  |h 306.209495 ΕΛΛ  |p 005200015998  |q 005200015998  |t BK  |y 0  |z τ.1 
852 |a INST  |b CHIOS  |e 19990316  |h 306.209495 ΕΛΛ  |p 005200014582  |q 005200014582  |t BK  |v τ.1:  |y 0  |z τ.1 
852 |a INST  |b CHIOS  |e 19990316  |h 306.209495 ΕΛΛ  |p 005200014583  |q 005200014583  |t BK  |v τ.2:  |y 0  |z τ.2 
852 |a INST  |b CHIOS  |e 19980820  |h 306.209495 ΕΛΛ  |p 005200015979  |q 005200015979  |t BK  |v τ.2:  |y 0  |z τ.2 
852 |a INST  |b CHIOS  |e 19980820  |h 306.209495 ΕΛΛ  |p 005200015998  |q 005200015998  |t BK  |v τ.1:  |y 0  |z τ.1 
853 |a INST  |b CHIOS  |h 306.209495 ΕΛΛ 
901 |a BIBL-1998-2 
909 |a Χ  |b 053107 
909 |a Χ  |b 058108 
909 |a Χ  |b 055604 
909 |a Χ  |b 055590 
922 |a 2ΕΛΗ  |b 199806  |c ΖΑΧΑΡΑΤΟΣ  |d EMVASIS 
922 |a 2ΔΩΡ  |b 199903  |c ΜΕΤΑΠΤΥΧΙΑΚΟ ΤΟΥΡΙΣΜΟΥ